| 000 | 00720nam a22001937a 4500 | ||
|---|---|---|---|
| 999 |
_c180591 _d180591 |
||
| 005 | 20210812113557.0 | ||
| 010 | _aB-741094 | ||
| 020 |
_a8181030494 _c495.00 |
||
| 035 | _aB-741094 | ||
| 037 | _bGift | ||
| 082 | _a882 | ||
| 100 | _aShakespeare, William | ||
| 245 |
_aOthello: _bthe moor of venice / _cby William Shakespeare |
||
| 260 |
_aDelhi _bSeema Publishing House _c2020 |
||
| 270 |
_a30/21-A, Ground Floor, Gali No. 9, Vishwas Nagar, Shahdara _bDelhi _e110032 |
||
| 300 |
_a184p.: _bill. _c22cm(Hb) |
||
| 942 |
_2ddc _cCH _mSHA _h882 |
||